Το μανιφέστο του κομμουνιστικού κόμματος
Αποθηκεύτηκε σε:
| Κύριος συγγραφέας: | |
|---|---|
| Άλλοι συγγραφείς: | |
| Μορφή: | Βιβλίο |
| Γλώσσα: | Greek German |
| Δημοσίευση: |
Αθήνα :
Θεμέλιο,
c2004.
|
| Θέματα: | |
| Ετικέτες: |
Προσθήκη ετικέτας
Δεν υπάρχουν, Καταχωρήστε ετικέτα πρώτοι!
|
MARC
| LEADER | 00000cam a2200000 i 4500 | ||
|---|---|---|---|
| 001 | 1/98008 | ||
| 008 | 081124s2004 gr | ||| |||| ||gre|| | ||
| 020 | |a 9603101338 | ||
| 035 | |l 10101930 | ||
| 040 | |a GR-MyUa |b gre |e AACR2 | ||
| 041 | 1 | |a gre |h ger | |
| 082 | 7 | |a 335.422 |2 (22) | |
| 100 | 1 | |a Marx, Karl, |d 1818-1883. | |
| 245 | 1 | 3 | |a Το μανιφέστο του κομμουνιστικού κόμματος / |c Καρλ Μαρξ - Φρίντριχ Ένγκελς ; εισαγωγή Eric Hobsbawm ; μετάφραση Γιώργος Κόττης ; μετάφραση εισαγωγής Βασίλης Καπετανγιάννης. |
| 260 | |a Αθήνα : |b Θεμέλιο, |c c2004. | ||
| 300 | |a 118 σ. ; |c 20 εκ. | ||
| 650 | 0 | |a Socialism. | |
| 650 | 0 | |a Communism. | |
| 700 | 1 | |a Engels, Friedrich, |d 1820-1895. | |
| 852 | |a INST |b SYROS |e 20081124 |h 335.422 MAR |p 005500008870 |q 005500008870 |t BK |y 0 | ||
| 901 | |a BIBL5-2008-3 | ||
| 922 | |a 5ΕΛΗ |b 200802 |c ΕΠΕΑΕΚ2/ΤΜΣΠΣ |d Σ. Πατάκης | ||
| 970 | |a Καγιαβά |b Ειρήνη |z 24/11/2008 | ||